Normal view
MARC view
- Changan P K (2K51066)
Entry Personal Name
001 - CONTROL NUMBER
- control field: 102204
003 - CONTROL NUMBER IDENTIFIER
- control field: OSt
005 - DATE AND TIME OF LATEST TRANSACTION
- control field: 20221007215923.0
008 - FIXED-LENGTH DATA ELEMENTS
- fixed length control field: 221007|| aca||aabn | a|a d
040 ## - CATALOGING SOURCE
- Original cataloging agency: OSt
- Transcribing agency: OSt
100 ## - HEADING--PERSONAL NAME
- Personal name: Changan P K (2K51066)
670 ## - SOURCE DATA FOUND
- Source citation: Work cat.: (OSt)69365: Changan P K (2K51066), Service Quality Assessment of HDFC Bank, 2007